A C++ standard template library intelligent tutoring system with Bayesian and fuzzy logic student model /
Saved in:
| Main Author: | |
|---|---|
| Format: | Thesis Book |
| Language: | English |
| Published: |
2006.
|
| Subjects: | |
| Online Access: | http://dspace.fsktm.um.edu.my/handle/1812/50 |
| Tags: |
Add Tag
No Tags, Be the first to tag this record!
|
| LEADER | 01239cam a2200289 a 4500 | ||
|---|---|---|---|
| 001 | u730267 | ||
| 003 | SIRSI | ||
| 005 | 200611091531 | ||
| 008 | 061109s2006 my t 000 0 eng m | ||
| 040 | |a UMM | ||
| 090 | |a QA76 |b UMP 2006 Lee | ||
| 100 | 1 | 0 | |a Lee, Christine Siew Ken. |
| 245 | 1 | 2 | |a A C++ standard template library intelligent tutoring system with Bayesian and fuzzy logic student model / |c Christine Lee Siew Ken. |
| 260 | |c 2006. | ||
| 300 | |a x, 307 leaves : |b ill. ; |c 30 cm. | ||
| 502 | |a Thesis (Ph.D.) -- Fakulti Sains Komputer dan Teknologi Maklumat, Universiti Malaya, 2006. | ||
| 504 | |a Bibliography: leaves 190-204. | ||
| 630 | 0 | |a Standard template library. | |
| 650 | 0 | |a C++ (Computer program language) | |
| 650 | 0 | |a Computer programming |x Study and teaching. | |
| 650 | 0 | |a Intelligent tutoring systems. | |
| 650 | 0 | |a Fuzzy systems. | |
| 710 | 2 | 0 | |a Universiti Malaya. |b Fakulti Sains Komputer dan Teknologi Maklumat. |
| 856 | 4 | 1 | |u http://dspace.fsktm.um.edu.my/handle/1812/50 |
| 596 | |a 1 25 | ||
| 999 | |a QA76 UMP 2006 LEE |w LC |c 1 |i A512722048 |d 24/3/2015 |e 24/3/2015 |f 22/12/2006 |g 1 |l STACKS |m P01UTAMA |n 4 |r Y |s Y |t TESIS |u 22/12/2006 | ||
| 999 | |a QA76 UMP 2006 LEE |w LC |c 1 |i A516565689 |l STACKS |m P25UMARCHI |r Y |s Y |t CD |u 16/11/2017 |1 STEM | ||
